00441 2200157 4500001002100000008004100021035002000062245008500082260003200167300001500199020001800214084001600232082001000248650001300258990001200271INLIS000000000000517 ind  a0010-0722000066 aPara Pembuat KeajaibanbAjaibnya Kekuatan Sentuhan Tangan TuhancAtih Ardiansyah aYogyakarta:bBukubiruc2012 a152c20 cm a9786027665828 a158.1 ATI p a158.1 aMotivasi aDI.1461